|
|
|
|
| LEADER |
00000nam0a2200000 4500 |
| 001 |
368420 |
| 005 |
20231102012100.0 |
| 035 |
|
|
|a (RuTPU)RU\TPU\retro\25802
|
| 090 |
|
|
|a 368420
|
| 100 |
|
|
|a 20220411d1979 km y0rusy50 ca
|
| 101 |
0 |
|
|a rus
|
| 102 |
|
|
|a BY
|
| 105 |
|
|
|a a g 000zy
|
| 200 |
1 |
|
|a Полупроводниковые приборы (диоды и транзисторы)
|f В. И. Галкин, В. А. Прохоренко
|
| 210 |
|
|
|a Минск
|c Беларусь
|d 1979
|
| 215 |
|
|
|a 240 с.
|
| 606 |
|
|
|a Полупроводниковые приборы
|2 stltpush
|3 (RuTPU)RU\TPU\subj\50669
|9 69320
|
| 610 |
1 |
|
|a справочники
|
| 610 |
1 |
|
|a диоды
|
| 610 |
1 |
|
|a транзисторы
|
| 610 |
1 |
|
|a электронно-дырочные переходы
|
| 610 |
1 |
|
|a электрические параметры
|
| 610 |
1 |
|
|a варикапы
|
| 610 |
1 |
|
|a стабилитроны
|
| 610 |
1 |
|
|a биполярные транзисторы
|
| 610 |
1 |
|
|a полевые транзисторы
|
| 675 |
|
|
|a 621.382(035)
|v 4
|
| 700 |
|
1 |
|a Галкин
|b В. И.
|g Виталий Иванович
|
| 701 |
|
1 |
|a Прохоренко
|b В. А.
|g Владимир Александрович
|
| 801 |
|
1 |
|a RU
|b 63413507
|c 20220411
|
| 942 |
|
|
|c BK
|